Wegbereiter der deutsch-slawischen Wechselseitigkeit

Guardado en:
Detalles Bibliográficos
Otros Autores: Jarosch, Günter, Winter, Eduard
Formato: Libro
Lenguaje:alemán
Publicado: Berlin Akademie 1983
Colección:Quellen und Studien zur Geschichte Östeuropas Bd. 26
Etiquetas: Agregar Etiqueta
Sin Etiquetas, Sea el primero en etiquetar este registro!

MARC

LEADER 00000nam a2200000 4500
001 c115346
005 20230117082444.2
041 0 |a ger 
044 |a DE 
245 1 0 |a Wegbereiter der deutsch-slawischen Wechselseitigkeit  |c Herausgegeben von Günter Jarosch und Eduard Winter 
264 1 |a Berlin  |b Akademie  |c 1983 
300 |a 450 s. 
490 1 |a Quellen und Studien zur Geschichte Östeuropas  |v Bd. 26 
830 0 |a Quellen und Studien zur Geschichte Östeuropas  |v Bd. 26 
700 1 |a Jarosch, Günter 
700 1 |a Winter, Eduard